000 00547nam a2200193Ia 4500
005 20250508164040.0
008 008 250505s9999 xx 000 0 eng d
037 _aTextual
040 _aFEDL
_beng
_cFEDL
041 _aeng
_2eng
084 _a305, OOM
_qFEDL
100 _aOommen T.K.
245 0 _aPluralism, equality and identity: Comparative studies
260 _aNew Delhi, India
_bOxford University Press
_c2002
300 _a189p
650 _aSocial Structure
942 _cTEXL
_h305, OOM
999 _c1386770
_d1386770